History - World | 1 | 4 | 0 | 0 | 55 | 49 | 84.80 | 0 | 0 |
History - Cross, Historiography, and Miscellaneous | 0 | 4 | 0 | 0 | 40 | 67 | 84.75 | 0 | 0 |
Fine Arts - Miscellaneous | 0 | 2 | 0 | 0 | 20 | 86 | 110.00 | 0 | 0 |
History - American | 0 | 2 | 0 | 0 | 20 | 88 | 89.50 | 0 | 0 |
Current Events - World | 0 | 2 | 0 | 0 | 20 | 77 | 77.50 | 0 | 0 |
Other - Other Academic and General Knowledge | 0 | 2 | 0 | 0 | 20 | 89 | 99.50 | 0 | 0 |
RMP - Islam | 0 | 2 | 0 | 0 | 20 | 101 | 102.00 | 0 | 0 |
Social Science - Other | 1 | 0 | 0 | 0 | 15 | 39 | 39.00 | 0 | 0 |
History - European | 1 | 0 | 0 | 0 | 15 | 79 | 79.00 | 0 | 0 |
Social Science - Sociology | 0 | 1 | 0 | 0 | 10 | 92 | 92.00 | 0 | 0 |
Literature - American | 0 | 1 | 0 | 0 | 10 | 121 | 121.00 | 0 | 0 |
RMP - Christian Practice | 0 | 1 | 0 | 0 | 10 | 74 | 74.00 | 0 | 0 |
Science - Biology | 0 | 1 | 0 | 0 | 10 | 98 | 98.00 | 0 | 0 |
Science - Math | 0 | 1 | 0 | 0 | 10 | 125 | 125.00 | 0 | 0 |
Social Science - Linguistics | 0 | 1 | 0 | 0 | 10 | 78 | 78.00 | 0 | 0 |
RMP - Jewish Practice | 0 | 1 | 0 | 0 | 10 | 105 | 105.00 | 0 | 0 |
Literature - World and Miscellaneous | 0 | 0 | 0 | 0 | 0 | | 0.00 | 0 | 0 |
Fine Arts - Photography | 0 | 0 | 0 | 0 | 0 | | 0.00 | 0 | 0 |
Fine Arts - Film | 0 | 0 | 0 | 0 | 0 | | 0.00 | 0 | 0 |